The Office Trivia Quiz Stats

 Plays Quiz not verified by Sporcle

Challenge
Share
Tweet
Embed
Score 0/35 Timer 10:00
0 Plays Today
Question Answer % Correct
Jim puts Dwight's stapler in what?Jello
89.2%
Jim replaces Creed's apple with what?Potato
82.8%
Who went to high school with Phyllis?Michael
81.7%
After leaving the Scranton branch, Karen becomes regional manager at what Dunder Mifflin branch?Utica
80.6%
Michael's GPS causes him to drive his car into what?A lake
78%
Where do Pam and Jim get married?Niagara Falls
77.6%
What is the name of the paper company Michael establishes after leaving Dunder Mifflin?The Michael Scott Paper Company
77.6%
Michael claims that he is not superstitious, but is what? A little stitious
76.5%
Who does Michael take to Sandals?Jan
76.5%
After resigning from his job at Dunder Mifflin, Dwight takes a job where?Staples
76.1%
Who does Michael force to take credit for the golden ticket idea?Dwight
75.9%
What is Dwight's middle name?Kurt
74.1%
Employees at the Stamford branch often play what video game?Call of Duty
73.5%
In 'Basketball', who does Michael refer to as 'secret weapon'?Stanley
71.8%
In 'Fun Run', Creed is revealed to be how old? (Hint: It's over 75)82
71.1%
What is Michael's middle name?Gary
67.7%
After Ryan announces the company's intentions to launch a new website, Michael tries win back old clients using what?Gift baskets
64%
Sabre is headquartered in what city?Tallahassee
63.6%
Question Answer % Correct
What holiday does Kelly invite everyone to celebrate with her?Diwali
63.4%
What is the name of Creed's blog?Creed Thoughts
61.9%
What does Jim move to demonstrate his telekinetic abilities to Dwight? Coat rack
61.4%
In 'The Alliance', Dwight hides in what?A box
59.3%
What is the name of the presenter in 'Diversity Day'?Mr. Brown
56.7%
Many people in the office are upset when Michael orders pizzas from this restaurant instead of Alfredo's Pizza.Pizza by Alfredo
56.7%
What is the name of the purse saleswoman?Katie
55.6%
Which two employees are Presbyterian?Pam and Darryl
52.4%
Where does the premier of the local ad take place?Poor Richard's
47.2%
What is Andy's ringtone?Rockin' Robin
44%
What does Dwight create within Second Life to 'further remove himself from reality'?Second Second Life
41.8%
How much does Michael pledge for Oscar's nephew's walkathon?$25
41.6%
Where did Michael buy his world's best boss mug?Spencer's Gifts
40.9%
In response to Dwight's 'Mega Desk', Jim rearranges the desks and gives it what name?Quad Desk
39.4%
What is the name of the IT guy who leaves because no one can remember his name?Nick
34.9%
Dunder Mifflin CEO David Wallace lives in what Connecticut town?Greenwich
15.9%
At a company picnic, Michael reveals that this branch is closing.Albany
14.7%

You're not logged in!

Compare scores with friends on all Sporcle quizzes.
OR
Log In

You Might Also Like...

Show Comments

Extras

Created Jan 21, 2013ReportNominate
Tags:The Office Quiz, extra, office

Top Quizzes Today


Score Distribution

Your Account Isn't Verified!

In order to create a playlist on Sporcle, you need to verify the email address you used during registration. Go to your Sporcle Settings to finish the process.

Report this User

Report this user for behavior that violates our Community Guidelines.

Details: